000 00369nam a2200169Ia 4500
100 _aMorris/ N.M
650 _aElectrical Engineering
490 _vII
942 _cBK
654 _aElectrical Principles
245 _aElectrical Principles
260 _bMac Millian
_aLondon
_c1979
082 _a621.3
_bMor
300 _a108
546 _aENGLISH
999 _c22716
_d22716